Top 30 najpotężniejszych sił zbrojnych - Statystyki

Ogólne statystyki
  • Ten quiz został rozwiązany 65 razy
  • Średni wynik to 23 z 30
Statystyki odpowiedzi
Miejsce PwrIndx Odpowiedż % Poprawnych
3 0.0691 Chiny
98%
21 0.3397 Polska
98%
2 0.0681 Rosja
98%
1 0.0606 Stany Zjednoczone
98%
13 0.2186 Niemcy
96%
7 0.1702 Francja
94%
4 0.0953 Indie
94%
24 0.3712 Kanada
92%
20 0.3388 Hiszpania
86%
8 0.1717 Wielka Brytania
86%
12 0.2111 Włochy
86%
10 0.1988 Brazylia
84%
5 0.1501 Japonia
84%
6 0.1509 Korea Południowa
82%
27 0.4457 Ukraina
82%
25 0.3718 Korea Północna
80%
14 0.2191 Iran
78%
19 0.3225 Australia
74%
11 0.2098 Turcja
74%
9 0.1872 Egipt
72%
18 0.3111 Izrael
72%
16 0.2544 Indonezja
70%
15 0.2364 Pakistan
68%
17 0.3034 Arabia Saudyjska
54%
22 0.3559 Wietnam
54%
29 0.4985 Republika Południowej Afryki
52%
23 0.3571 Tajlandia
50%
28 0.4659 Algieria
40%
26 0.4008 Tajwan
32%
30 0.5259 Szwajcaria
30%
Nie znaleziono quizów pasujących do podanych kryteriów
Rozkład punktacji
Procent ludzi z każdym wynikiem
Percentyl według liczby udzielonych odpowiedzi
Twoja historia wyników
Nie rozwiązałeś tego quizu